Formula 1 Grand Prix winners 2010-2022 - Statistics

General Stats
  • This quiz has been taken 202 times
  • The average score is 12 of 15
Answer Stats
Total wins + Team(s) Answer % Correct
91: McLaren, Mercedes Lewis Hamilton
100%
48: Red Bull, Ferrari, Aston Martin Sebastian Vettel
99%
11: Ferrari, McLaren, Alpine Fernando Alonso
92%
10: Williams, Mercedes, Alfa Romeo Valtteri Bottas
92%
8: Toro Rosso, Red Bull, Renault, McLaren Daniel Ricciardo
91%
1: Toro Rosso, Red Bull, Alpha Tauri Pierre Gasly
89%
1: Manor, Force India, Renault, Alpine Esteban Ocon
85%
3: Sauber, McLaren, Force India, Racing Point, Red Bull Sergio Perez
84%
4: Sauber, Ferrari Charles Leclerc
82%
3: Lotus, Ferrari, Alfa Romeo Kimi Räikkönen
81%
7: Red Bull Mark Webber
75%
25: Toro Rosso, Red Bull Max Verstappen
69%
23: Mercedes Nico Rosberg
68%
1: Williams Pastor Maldonado
56%
8: McLaren Jenson Button
51%
No matching quizzes found
Score Distribution
Percent of People with Each Score
Percentile by Number Answered
Your Score History
You have not taken this quiz